000 00616nam a2200217Ia 4500
005 20250508165023.0
008 008 250505s9999 xx 000 0 eng d
020 _a0-03-072378-7
037 _aTextual
040 _aFEDL
_beng
_cFEDL
041 _aeng
_2eng
084 _a001.644 3, BOW
_qFEDL
100 _aBowman Marcus D
_9779723
245 0 _aElectron advanced graphics workbook
260 _aMaidenhead, UK
_bMcGraw-Hill Book Company (UK) Ltd.
_c1985
300 _aix,276p.
365 _aUSD
_b10.5
546 _aMACESE
942 _cTEXL
_h001.644 3, BOW
999 _c1392704
_d1392704